[Event "V Sunway Sitges Open 2018"]
[Site "Sitges"]
[Date "2018.12.20"]
[Round "7"]
[White "Adly, Ahmed"]
[Black "Stella, Andrea"]
[Result "1-0"]
[WhiteElo "2626"]
[BlackElo "2503"]
[Annotator "TA"]
[PlyCount "39"]
[EventDate "2018.12.14"]
[EventType "swiss"]
[EventCountry "ESP"]
[SourceTitle "playchess.com"]
[Source "ChessBase"]
[SourceQuality "1"]

{[%evp 22,39,25,0,25,25,22,21,27,22,43,38,52,48,46,43,54,46,135,132]} 1. Nf3 d5 2. d4 Nf6 3. c4 e6 4. g3 dxc4 5. Bg2 c5 6. O-O Nc6 7. Qa4 Bd7 8. Qxc4 b5 9. Qd3 c4 10. Qc2 {E04: Open Catalan: 5 Nf3} (10. Qd1 Rc8 11. Ne5 Bd6 12. Nxd7 Qxd7 13. Nc3 a6 14. Bg5 Be7 15. e3 O-O 16. Qe2 Rfd8 17. Rfd1 Nd5 18. Bxe7 Qxe7 {½-½ (55) Fedoseev,V (2718)-Yu,Y (2751) Riadh 2017}) 10... Be7 11. Nc3 Rc8 12. Bg5 {LiveBook: 8 Games. White has an edge.} ({Don't go for} 12. Nxb5 $2 Nb4 $19) 12... a6 13. a3 O-O 14. e4 $146 ({Predecessor:} 14. Rad1 b4 15. Bxf6 Bxf6 16. d5 b3 17. Qc1 Na5 18. dxe6 fxe6 {1-0 (38) Rusev,K (2453)-Yordanov,N (2237) Pernik 2007}) 14... h6 15. Bf4 {[#] aiming for d5.} b4 16. axb4 Nxb4 17. Qe2 $36 {[%mdl 2048] White is more active.} Qb6 18. Ne5 Nd3 19. Be3 Bb5 {[#]} (19... Qxb2 $14 20. Qxb2 (20. Nxd7 Nxd7 21. Qxb2 Nxb2 $11) 20... Nxb2) 20. b3 $1 {[%mdl 512]} 1-0

[Event "V Sunway Sitges Open 2018"]
[Site "Sitges"]
[Date "2018.12.20"]
[Round "7"]
[White "Lagarde, Maxime"]
[Black "Duran Vega, Sergio"]
[Result "1-0"]
[WhiteElo "2616"]
[BlackElo "2391"]
[Annotator "TA"]
[PlyCount "77"]
[EventDate "2018.12.14"]
[EventType "swiss"]
[EventCountry "ESP"]
[SourceTitle "playchess.com"]
[Source "ChessBase"]
[SourceQuality "1"]

{[%evp 14,77,-1,-16,-18,-19,-13,-42,-37,-40,-19,-26,-21,-20,-20,-24,-29,-27,-27,-37,-27,-35,-37,-29,-25,-40,3,-17,127,132,179,165,171,176,174,174,214,207,208,206,235,244,232,225,234,235,415,415,415,389,405,405,391,382,501,501,527,527,664,664,664,664,663,663,663,663]} 1. c4 e5 2. Nc3 Nf6 3. Nf3 Nc6 4. e3 Bb4 5. Qc2 Bxc3 6. Qxc3 Qe7 7. a3 a5 8. d3 {LiveBook: 9 Games. A28: English Opening: Four Knights Variation} (8. Be2 O-O 9. O-O d5 10. cxd5 Nxd5 11. Qc2 a4 12. b4 axb3 13. Qxb3 Nb6 14. d3 Be6 15. Qc2 Rfd8 {½-½ (33) Antipov,M (2588)-Predke,A (2601) Moscow 2017}) 8... a4 9. e4 $146 ({Predecessor:} 9. Bd2 O-O 10. Be2 d6 11. O-O Bg4 12. Qc2 e4 13. dxe4 Nxe4 14. Rad1 Rfe8 15. Rfe1 Qf6 {½-½ (33) Stanec,N (2440)-Petschar,K (2325) Gamlitz 1993}) 9... d6 10. h3 {The position is equal.} Nd7 11. Bg5 f6 12. Be3 $1 Nc5 13. Be2 O-O 14. Rd1 Bd7 15. O-O Ne6 16. d4 exd4 17. Nxd4 Nexd4 18. Bxd4 Nxd4 19. Rxd4 f5 20. Qd2 f4 {[#]} (20... Bc6 $11 {remains equal.}) 21. c5 $1 $16 {[%mdl 512]} Rad8 (21... dxc5 22. Rxd7) 22. cxd6 cxd6 23. Rxd6 Bc6 24. Rxd8 Qxd8 {[#]} 25. Qb4 $1 Re8 26. Rd1 Qe7 {[#]} 27. Bc4+ $1 Kf8 {With the idea ...Qxb4.} 28. Rd6 {And now f3 would win.} Bxe4 29. Ba2 {Qc4! would kill now.} g5 $2 (29... b5 {keeps fighting.} 30. Qd2 Qg5) 30. Rf6+ $18 Kg7 31. Rf7+ Qxf7 32. Bxf7 Kxf7 33. Qxa4 {[%mdl 4096] Endgame KQ-KRB} h6 34. Qc4+ {White is clearly winning.} Re6 35. b4 {[%cal Bb2b4,Bb4b5][%mdl 32]} Ke7 36. f3 Bc6 37. b5 Bd7 38. Qc7 b6 39. a4 {Accuracy: White = 79%, Black = 49%.} 1-0

[Event "V Sunway Sitges Open 2018"]
[Site "Sitges"]
[Date "2018.12.20"]
[Round "7"]
[White "Romanov, Evgeny"]
[Black "Krishna Teja, N."]
[Result "1/2-1/2"]
[WhiteElo "2614"]
[BlackElo "2340"]
[Annotator "TA"]
[PlyCount "97"]
[EventDate "2018.12.14"]
[EventType "swiss"]
[EventCountry "ESP"]
[SourceTitle "playchess.com"]
[Source "ChessBase"]
[SourceQuality "1"]

{[%evp 20,97,32,12,10,0,0,-53,24,15,10,16,26,0,0,0,0,0,0,-7,44,-29,-34,-119,-92,-170,-162,-168,-170,-160,-151,-152,-145,-151,-132,-107,-34,-36,-27,-41,-32,-41,-27,-32,-22,-28,-22,-25,-28,-31,-23,-16,-15,-21,-12,-12,-11,-8,-8,-8,-8,-25,-10,-10,-14,-25,-3,-10,0,-48,0,0,0,0,0,0,0,0,0,0]} 1. c4 c6 2. d4 d5 3. e3 Nf6 4. Nc3 a6 5. Nf3 Bf5 6. Qb3 b5 {D15: Slav Defence: 4 Nc3 a6 and gambit lines after 4 Nc3 dxc4} 7. c5 a5 8. Ne5 (8. Nh4 Bc8 9. f4 g6 10. Bd3 Nh5 11. Nf3 Bf5 12. e4 a4 13. Qc2 dxe4 14. Bxe4 Bxe4 15. Nxe4 {0-1 (53) Gelfand,B (2703)-Grandelius,N (2655) Batumi 2018}) 8... a4 9. Qd1 g6 10. g4 Be6 11. Bg2 {LiveBook: 20 Games} Bg7 12. O-O Qc8 {[%cal Rf6g4]} 13. g5 (13. f3 $11) 13... Nfd7 (13... Ne4 $15) 14. Nd3 $146 Na6 {[%cal Bb8a6,Ba6c7,Bc7e6][%mdl 32]} 15. Nf4 Nc7 16. Nxe6 Nxe6 17. f4 h6 18. h4 $1 hxg5 19. hxg5 f5 (19... f6 $11) 20. gxf6 (20. Rf3 $14) 20... Nxf6 21. Qf3 (21. Rf3 $15) 21... g5 $17 {White must now prevent ...gxf4.} 22. fxg5 (22. Rd1 $17) 22... Nxg5 $19 23. Qf5 Nh3+ $1 24. Bxh3 Rxh3 25. Qxc8+ Rxc8 26. Kg2 Rh4 27. Bd2 {[#]} Kd7 (27... e5 $1 $17 {[%mdl 512]} 28. Rae1 (28. dxe5 Nd7) 28... exd4 29. exd4+ Kd7) 28. Rh1 $15 Rg4+ 29. Kf3 $1 Rf8 30. Raf1 Rg5 31. Ke2 Rg2+ 32. Ke1 Ng4 {And now ...Nf2 would win.} 33. Rxf8 Bxf8 34. Ne2 $1 Bh6 35. Rh3 $1 Bg5 36. b3 axb3 37. axb3 Ke6 38. Kf1 Rf2+ 39. Ke1 {Threatening Rg3.} Rf8 40. Rh5 Kf6 41. Rh3 Ra8 42. Rf3+ Kg6 {White should prevent ...e5.} 43. Kd1 Ra2 44. Nc3 Rb2 45. Kc1 {The position is equal.} Rxb3 46. Rg3 Kh5 47. Rh3+ Kg6 48. Rg3 Kh5 {Hoping for ...Kh4.} 49. Rh3+ {Accuracy: White = 56%, Black = 45%.} 1/2-1/2

[Event "V Sunway Sitges Open 2018"]
[Site "Sitges"]
[Date "2018.12.20"]
[Round "7"]
[White "Peralta, Fernando"]
[Black "Santos Ruiz, Miguel"]
[Result "1/2-1/2"]
[WhiteElo "2584"]
[BlackElo "2523"]
[Annotator "TA"]
[PlyCount "29"]
[EventDate "2018.12.14"]
[EventType "swiss"]
[EventCountry "ESP"]
[SourceTitle "playchess.com"]
[Source "ChessBase"]
[SourceQuality "1"]

{[%evp 12,29,16,14,14,13,33,26,23,4,14,8,16,4,16,24,33,18,39,36]} 1. d4 Nf6 2. c4 e6 3. Nf3 d5 4. Nc3 c6 5. e3 a6 6. b3 Bb4 7. Bd2 {LiveBook: 646 Games} b6 $146 {D45: Semi-Slav: 5 e3} ({Predecessor:} 7... O-O 8. Bd3 Nbd7 9. O-O Qe7 10. Qe1 dxc4 11. bxc4 e5 12. Ng5 Rd8 13. a3 Bxa3 14. Qb1 h6 15. Nxf7 Kxf7 16. c5 Bxc5 {1-0 (56) Tomashevsky,E (2702)-Kobalia,M (2619) Satka 2018}) 8. Bd3 Bb7 9. O-O dxc4 {White has an edge.} 10. bxc4 c5 $1 11. Rb1 O-O 12. Qe2 Nbd7 13. Ne5 Qc7 14. f4 Rad8 15. Rfd1 1/2-1/2

[Event "V Sunway Sitges Open 2018"]
[Site "Sitges"]
[Date "2018.12.20"]
[Round "7"]
[White "Nihal, Sarin"]
[Black "Sasikiran, Krishnan"]
[Result "0-1"]
[WhiteElo "2576"]
[BlackElo "2673"]
[Annotator "TA"]
[PlyCount "94"]
[EventDate "2018.12.14"]
[EventType "swiss"]
[EventCountry "ESP"]
[SourceTitle "playchess.com"]
[Source "ChessBase"]
[SourceQuality "1"]

{[%evp 37,94,-31,-31,-31,-31,-31,-31,-31,-31,-31,-31,-35,0,-8,-20,-110,-106,-99,-100,-102,-98,-128,-128,-130,-123,-123,-123,-175,-123,-175,-175,-170,-168,-152,-152,-138,0,-227,-138,-168,-131,-242,-250,-264,-264,-471,-475,-482,-475,-475,-372,-506,-507,-571,-546,-6605,-5683,-29966,-29964]} 1. Nf3 Nf6 2. c4 g6 3. Nc3 Bg7 4. e4 d6 5. d4 O-O 6. Be2 e5 7. dxe5 dxe5 8. Qxd8 Rxd8 9. Bg5 Re8 10. Nd5 Nxd5 11. cxd5 c6 12. Bc4 cxd5 13. Bxd5 Nd7 {[%cal Bb8d7,Bd7c5,Bc5d3][%mdl 32]} 14. Nd2 Nc5 15. Be3 {E92: King's Indian: Classical: 6 Be2 e5: 7 dxe5, 7 Be3 and Petrosian System without 7...Nbd7} Nd3+ 16. Ke2 Nf4+ 17. Bxf4 exf4 18. Rac1 Bxb2 19. Rc7 Be6 {LiveBook: 7 Games} 20. Bxe6 Rxe6 21. Rxb7 Bc3 22. Rc1 Bxd2 23. Kxd2 Rxe4 $15 {[%mdl 4096] Endgame KRR-KRR} 24. Rcc7 $146 Rd8+ 25. Kc3 Rf8 26. Rb4 (26. Re7 $11 Rxe7 27. Rxe7) 26... Rxb4 $17 27. Kxb4 {KR-KR} Re8 28. Rc2 Re5 29. f3 Kg7 30. Kc4 g5 31. Kd3 Ra5 32. Ke2 (32. Kc4 $17 {was necessary.}) 32... Kg6 ({Black should play} 32... Ra3 $19 33. Kd1 h5) 33. Kf2 (33. Kd3 $17) 33... h5 $19 34. h3 f6 35. Rb2 Ra3 36. Rc2 Ra5 (36... Kf5 $17 37. Re2 h4) 37. Kg1 $2 {[#]} (37. Rb2 $1 $11 {and White has nothing to worry.}) 37... Kf5 38. Kf2 g4 39. hxg4+ (39. h4 $17) 39... hxg4 40. fxg4+ Kxg4 41. Rb2 $2 {[#]} (41. Kf1) 41... Ra3 42. Rc2 f5 43. Rd2 a6 {[%cal Ba7a6,Ba6a5][%mdl 32]} 44. Rc2 a5 45. Rd2 f3 46. g3 Ra4 47. Rc2 Re4 {Precision: White = 33%, Black = 79%.} 0-1

[Event "V Sunway Sitges Open 2018"]
[Site "Sitges"]
[Date "2018.12.20"]
[Round "7"]
[White "Petrosyan, Manuel"]
[Black "Alonso Rosell, Alvar"]
[Result "1/2-1/2"]
[WhiteElo "2565"]
[BlackElo "2524"]
[Annotator "TA"]
[PlyCount "113"]
[EventDate "2018.12.14"]
[EventType "swiss"]
[EventCountry "ESP"]
[SourceTitle "playchess.com"]
[Source "ChessBase"]
[SourceQuality "1"]

{[%evp 14,113,30,0,0,-4,25,0,0,0,0,0,49,46,42,37,66,37,38,50,123,64,92,56,78,57,67,59,54,55,62,54,46,47,47,50,79,70,71,57,77,82,101,81,229,53,70,-188,22,31,79,-74,-83,-193,-175,-161,-99,-107,-109,-105,0,0,0,-47,0,-168,-152,-177,0,0,41,25,134,140,143,24,131,78,104,100,110,77,81,30,34,0,0,0,0,0,52,0,0,0,8,0,0,0,0,0,0,0]} 1. d4 d5 2. c4 e6 3. Nc3 Bb4 4. a3 {[%cal Ba2a3,Ba3a4,Ba4a5][%mdl 32]} Bxc3+ 5. bxc3 c6 {[%cal Bc7c6,Bc6c5][%mdl 32]} (5... Nf6 6. e3 c5 7. Nf3 O-O 8. Be2 dxc4 9. Bxc4 Qc7 10. Be2 b6 11. O-O Bb7 12. Bb2 Nbd7 13. h3 Rfd8 14. a4 Rac8 15. a5 h6 16. axb6 axb6 17. Ra7 Ra8 18. Rxa8 Rxa8 19. c4 Rc8 20. Qb3 Qc6 {½-½ (51) Nepomniachtchi,I (2768)-Inarkiev,E (2690) Satka 2018}) 6. e3 {D31: Queen's Gambit Declined: Semi-Slav without ...Nf6 (+ Marshall Gambit and Noteboom) and Exchange Variation lines without ...Nf6} Nf6 7. a4 O-O 8. a5 {LiveBook: 5 Games. White has an edge.} c5 9. Nf3 Ne4 $146 ({Predecessor:} 9... Nc6 10. Qa4 Bd7 11. Qa3 b6 12. a6 cxd4 13. cxd4 Rc8 14. cxd5 Nxd5 {½-½ (44) Akobian,V (2647)-Kollars,D (2505) Caleta 2018}) 10. Bb2 Nc6 11. Qa4 Bd7 12. Qa2 Nf6 13. dxc5 dxc4 14. Bxc4 Ne4 15. O-O Nxc5 16. Rfd1 Ne4 (16... Qc7 $14) 17. Qa3 (17. Bd3 $16 Nf6 18. c4) 17... Nf6 18. Bb5 {[%cal Bc4b5,Bb5a4,Ba4c2][%mdl 32]} Qc7 $1 19. c4 a6 20. Ba4 Rfd8 21. Bc2 Be8 22. Rdb1 Rab8 23. Qc5 $36 {[%mdl 2048] White is more active.} Nd7 24. Qh5 h6 25. Qg4 {[%csl Gb2][%cal Rg4g7]} e5 $1 26. Qf5 {And now Qh7+ would win.} g6 27. Qh3 Kg7 28. Qg3 f6 (28... b5 $16) 29. Bc3 $2 (29. Ba3 $1 $18) 29... Ne7 30. Rb4 $2 {[%mdl 8192]} (30. Bb4 $14 Nc5 31. Ba3) 30... Kh7 $2 (30... Nd5 $1 $19 {[%cal Rd5c3]} 31. Bxe5 fxe5 32. cxd5 Qxc2) 31. Nh4 $11 Nf8 32. f4 $2 (32. Rab1 $16 {and life is bright.}) 32... Nd5 $1 $17 {[%cal Rd5b4][%mdl 64] Double Attack, Pin} 33. fxe5 (33. Qe1 $17 {might work better.} Nxb4 34. Bxb4) 33... Nxc3 34. Qe1 {[#]} Nd5 ({Resist} 34... Qxe5 35. Nf3 $15) (34... Nb5 $1 $19 {[%mdl 512]} 35. exf6 (35. cxb5 Qxc2) 35... Nd6) 35. cxd5 Qxc2 36. Rc1 {[#]} Qd3 (36... Qa2 $1 $17 37. e4 Bb5) 37. Rd1 $11 Qa3 38. exf6 (38. Ra1 $5 {[%cal Ra1a3]} Qd3 39. e4 $15) 38... Bf7 39. e4 $2 (39. Ra1 $1 $11 {and White has nothing to worry.} Qd3 40. e4) 39... Qxa5 $19 40. Nf3 b5 $2 ({Black should play} 40... Nd7 $19 41. Qc3 Kg8) 41. Qh4 $1 $11 h5 ({Not} 41... Qxb4 42. Ng5+ Kg8 43. Qxh6 Qc5+ 44. Kh1 Qg1+ 45. Rxg1 Ne6 46. dxe6 Rf8 47. Qh7#) 42. Rbd4 $1 {Ng5+ is the strong threat.} Qb6 (42... Qc7 $1 $11 {remains equal.}) 43. Kh1 $16 Rbc8 44. Qf4 (44. g4 $16) 44... Rc4 (44... Qc7 $11 {keeps the balance.} 45. Qe3 Qb6) 45. Rxc4 (45. Ng5+ $142 Kg8 46. Rxc4 bxc4 47. Nxf7 Kxf7 48. e5) 45... bxc4 46. Ng5+ {[%mdl 64] Double Attack} Kg8 47. Nxf7 Kxf7 48. e5 {Threatens to win with e6+.} Kg8 $1 49. Qxc4 Qe6 $1 {[%cal Re6e5]} 50. Qd4 (50. dxe6 $2 {gets mated.} Rxd1+ 51. Qf1 Rxf1#) 50... Qf5 51. h3 Nd7 (51... Ne6 $11 52. Qe3 g5) 52. f7+ ({White should try} 52. Re1 $1 $14) 52... Qxf7 $11 {The position is equal.} 53. e6 {[%mdl 64] Double Attack} Qf6 {With the idea ...Qxd4.} 54. exd7 Qxd4 55. Rxd4 Rxd7 56. Ra4 Rxd5 57. Rxa6 {Accuracy: White = 46%, Black = 47%.} 1/2-1/2

[Event "V Sunway Sitges Open 2018"]
[Site "Sitges"]
[Date "2018.12.20"]
[Round "7"]
[White "Kulaots, Kaido"]
[Black "Ivanchuk, Vassily"]
[Result "0-1"]
[WhiteElo "2555"]
[BlackElo "2717"]
[Annotator "TA"]
[PlyCount "106"]
[EventDate "2018.12.14"]
[EventType "swiss"]
[EventCountry "ESP"]
[SourceTitle "playchess.com"]
[Source "ChessBase"]
[SourceQuality "1"]

{[%evp 35,106,34,36,35,18,14,23,4,23,22,29,-7,-7,-8,16,6,6,0,10,6,0,0,0,4,0,0,21,0,26,-15,-19,-48,-31,-62,0,0,0,0,0,-22,-17,-33,0,0,0,-130,0,-31,-22,-26,-48,-90,-90,-108,0,-147,-66,-55,0,-4,-22,-165,-165,-1031,-990,-29978,-869,-5322,-5322,-29979,-29974,-29966,-29967]} 1. e4 e5 2. Nf3 Nc6 3. Bb5 a6 4. Ba4 Nf6 5. O-O Be7 6. Re1 b5 7. Bb3 d6 8. c3 O-O 9. h3 Bb7 10. d4 Re8 11. Ng5 Rf8 12. Nf3 Nd7 13. a4 Bf6 14. d5 Ne7 15. axb5 axb5 16. Rxa8 Qxa8 17. Na3 Ba6 18. Nh2 g6 {LiveBook: 7 Games. C92: Closed Ruy Lopez: 9...Be6, Karpov and Flohr-Zaitsev Variations} (18... Ng6 19. Ng4 Be7 20. Ne3 Rb8 21. Nec2 Nc5 22. Nb4 Bc8 23. Nc6 Rb6 24. Bc2 Bd7 25. b4 Nb7 26. Be3 Rxc6 27. dxc6 Bxc6 {½-½ (78) Dominguez Perez,L (2726)-Svidler,P (2739) Tbilisi 2015}) 19. Bc2 Bg7 20. Bd3 Rb8 {The position is equal.} 21. Qe2 $146 {[%cal Rd3b5]} ({Predecessor:} 21. Nc2 f5 22. Nb4 fxe4 23. Bxe4 Nf6 24. Bg5 Nxe4 25. Rxe4 Nf5 26. g4 {½-½ (33) Herbrechtsmeier,C-Huels,M Germany 1995}) 21... b4 {...Bxd3 is the strong threat.} 22. Bxa6 bxa3 23. bxa3 Nc5 24. Bc4 f5 25. exf5 Nxf5 26. g4 Nh6 27. Nf1 Nf7 28. Ng3 Bh6 29. Bxh6 Nxh6 30. Ra1 Qa5 31. Qc2 Nf7 32. a4 Ng5 33. Kg2 Rf8 {[%mdl 1024] Black has compensation.} 34. h4 {[%cal Bh3h4,Bh4h5][%mdl 32]} Nf3 (34... Rf4 $1 $15 35. Bd3 Nf3) 35. h5 $11 Rf4 36. Be2 Nh4+ $1 37. Kh3 $1 {[%cal Rh3h4]} g5 $36 {[%mdl 2048] White is under pressure.} 38. Bd1 Qa6 39. Be2 Qa8 40. Bd1 {[#]} (40. f3 $11 {keeps the balance.}) 40... Kg7 ({Of course not} 40... Qxd5 $6 41. Qa2 $11) (40... Qf8 $1 $17 41. Ra2 e4) 41. Qd2 Qa6 {Hoping for ...Ne4.} 42. Be2 Qa5 {Threatens to win with ...Nb3.} 43. Bd1 h6 44. Ra2 Rc4 (44... Qa6 $17 {aiming for ...Ne4.} 45. c4 Qxc4) 45. Ra3 {[#]} (45. f3 $11) 45... Rd4 $1 {[%mdl 512]} 46. Qc2 $1 $15 (46. cxd4 Qxd2) 46... Rxd5 (46... Rf4 $1 $15) 47. Be2 {[#]} e4 $1 {[%mdl 512]} 48. Nxe4 (48. c4 $11 Re5 49. Bf1) 48... Re5 $19 49. Ng3 $2 (49. Bf3) 49... Ne6 {Strongly threatening ...Qd5.} 50. Bd1 Nf4+ (50... Qd5 $142 51. f3 Nf4+ 52. Kh2 Nxf3+ 53. Bxf3 Qxf3 54. c4 Qxa3 55. Qf2 Qxa4 56. Nf5+ Kh7 57. Nd4 Re4 58. Qc2 Qxc2+ 59. Nxc2 Re2+ 60. Kg3 Rxc2 61. Kf3 Rxc4 62. Ke3 Nd5+ 63. Kf3 Nf6 64. Ke3 Rxg4 65. Kf3 Rf4+ 66. Ke3 Nxh5 67. Ke2 g4 68. Kd2 g3 69. Ke3 g2 70. Kd2 g1=Q 71. Kd3 Qg3+ 72. Ke2 Rf2+ 73. Ke1 Qg1#) 51. Kh2 Qd5 {[%csl Gf4,Gh4][%cal Rd5g2]} 52. f3 Nxf3+ 53. Bxf3 Qxf3 {Precision: White = 46%, Black = 44%.} 0-1

[Event "V Sunway Sitges Open 2018"]
[Site "Sitges"]
[Date "2018.12.20"]
[Round "7"]
[White "Halkias, Stelios"]
[Black "Liang, Awonder"]
[Result "1/2-1/2"]
[WhiteElo "2552"]
[BlackElo "2589"]
[Annotator "TA"]
[PlyCount "66"]
[EventDate "2018.12.14"]
[EventType "swiss"]
[EventCountry "ESP"]
[SourceTitle "playchess.com"]
[Source "ChessBase"]
[SourceQuality "1"]

{[%evp 15,66,0,0,-12,33,33,25,19,20,40,35,32,27,32,34,29,18,0,73,0,0,0,0,0,0,0,45,40,51,0,102,-4,-4,-4,-4,-4,-4,-4,-4,-4,-4,-4,0,-4,-4,-28,-4,-7,-7,-7,0,0,0]} 1. Nf3 Nf6 2. c4 c5 3. Nc3 d5 4. cxd5 Nxd5 5. e3 e6 6. Nxd5 {A17: English Opening: 1...Nf6 with ...Bb4} (6. d4 cxd4 7. exd4 Nxc3 8. bxc3 Qc7 9. Bd2 Nd7 10. a4 Bd6 11. a5 O-O 12. Bd3 e5 13. O-O Nf6 14. dxe5 Bxe5 15. Nxe5 Qxe5 {1-0 (42) Tomashevsky,E (2702)-Dubov,D (2691) Satka 2018}) 6... exd5 7. b4 cxb4 8. Bb2 Nc6 {LiveBook: 3 Games} 9. Nd4 Ne5 $146 ({Predecessor:} 9... a6 10. Rc1 Nxd4 11. Bxd4 Qg5 12. h4 Qg4 13. Be2 Qxg2 {1-0 (36) Lalith,B (2542)-Hoolt,S (2400) Caleta 2018}) 10. Bb5+ Bd7 11. Qh5 Bd6 12. Nf5 Bxb5 13. Nxg7+ Kf8 14. Bxe5 Bxe5 15. Qxe5 {[#] Strongly threatening Ne6+!} Rg8 16. Nf5 {[%cal Bg7f5,Bf5e7,Be7d5,Bd5f4][%mdl 32] Threatens to win with Qd4.} Qd7 (16... Bd3 $11) 17. Qd4 (17. f3 $16) 17... Rxg2 $11 18. Qxb4+ Kg8 19. Ne7+ Kg7 $1 {And now ...f6 would win.} 20. Qd4+ f6 21. Nxd5 Rg6 ({Reject} 21... Qf5 $6 22. Nf4 $16) 22. f3 (22. Nf4 $1 $14 Qxd4 23. Ne6+ {[%mdl 64] Double Attack} Kh8 24. Nxd4) 22... Kf7 {[#]} (22... Re8 $1 $11) 23. Kf2 (23. h4 $1 $16) 23... Rd8 24. Nf4 {aiming for Qxd7+.} Qxd4 25. exd4 Rg5 26. d5 $132 {[%mdl 2048] White has counterplay} Rf5 27. Rhb1 Rxf4 28. Rxb5 {[%mdl 4096] Endgame KRR-KRR} Rd7 29. Rab1 b6 30. Ke3 Rh4 31. R1b4 {The position is equal.} Rxh2 32. a4 Re7+ 33. Re4 Rd7 {Accuracy: White = 50%, Black = 59%.} 1/2-1/2

[Event "V Sunway Sitges Open 2018"]
[Site "Sitges"]
[Date "2018.12.20"]
[Round "7"]
[White "Beliavsky, Alexander G"]
[Black "Meister, Peter"]
[Result "1/2-1/2"]
[WhiteElo "2544"]
[BlackElo "2355"]
[Annotator "TA"]
[PlyCount "102"]
[EventDate "2018.12.14"]
[EventType "swiss"]
[EventCountry "ESP"]
[SourceTitle "playchess.com"]
[Source "ChessBase"]
[SourceQuality "1"]

{[%evp 19,102,22,40,20,31,18,71,43,81,56,66,-75,-62,-79,-60,-73,-61,-74,-56,-230,-201,-220,-220,-204,-137,-145,-123,-139,-101,-161,-157,-196,-197,-299,-304,-264,-250,-360,-222,-216,-202,-215,-206,-184,-124,-239,0,0,0,0,0,0,0,0,0,0,0,0,0,0,8,0,8,8,8,8,8,8,8,8,8,8,8,8,8,8,8,8,8,8,8,8,8,8,8]} 1. d4 g6 2. e4 Bg7 3. Nc3 d6 4. Be3 a6 5. Qd2 b5 6. h4 {B06: Modern Defence} (6. f3 Nd7 7. h4 h5 8. Nh3 Bb7 9. Ng5 e6 10. O-O-O Qe7 11. Ne2 Ngf6 12. Nf4 e5 13. dxe5 Nxe5 14. Kb1 Rb8 15. Be2 O-O 16. Ba7 Rbd8 {1-0 (37) Sjugirov,S (2654)-Chigaev,M (2599) Sochi 2018}) 6... Bb7 7. f3 h5 8. O-O-O Nd7 9. Nh3 Rc8 10. Kb1 c5 {LiveBook: 28 Games} 11. dxc5 Nxc5 12. Ng5 Qc7 (12... Nd7 $11 {keeps the balance.}) 13. g3 $16 Nf6 14. Bh3 Rb8 15. e5 (15. Nd5 $14 {stays ahead.} Nxd5 16. exd5) 15... dxe5 $17 16. Bxc5 Qxc5 17. Bd7+ $146 Kf8 {...Rd8 is the strong threat.} 18. Be6 Bh6 $1 {aiming for ...Bxf3.} 19. Bxf7 $2 (19. Qe2 $15 Bxg5 20. hxg5) 19... Bxg5 $1 $19 20. hxg5 Kxf7 21. gxf6 exf6 22. Rhf1 Qc7 23. Qe3 Rbd8 24. Rxd8 (24. a3 $17 {was worth a try.}) 24... Rxd8 25. Qh6 Qc4 26. Re1 (26. Rc1 $142 Bxf3 27. Qh7+ Ke6 28. Qxg6) 26... Bxf3 27. Qh7+ {[#]} Ke6 $1 28. Qxg6 (28. a3 {was the only chance.}) 28... b4 29. Na4 Qc6 30. b3 Rd1+ 31. Rxd1 Bxd1 32. Kc1 {[#]} (32. Nb2 $17 Be2 33. Nd3) 32... Qxc2+ $2 (32... Bf3 $1 $19 33. Qd3 Be4) 33. Qxc2 $11 {The position is equal.} Bxc2 34. Kxc2 $19 {[%mdl 4096] Endgame KN-KP} Kf5 $1 {[%cal Rf5g4] And now ...Kg4 would win.} 35. Nc5 Kg4 $1 36. Ne4 ({Don't go for} 36. Nxa6 $2 Kxg3 37. Nxb4 h4 $19) 36... f5 37. Nf6+ $1 Kxg3 38. Nxh5+ Kf3 39. Kd2 e4 40. Ke1 f4 41. Nf6 a5 42. Kf1 Ke3 43. Nd5+ Kd2 44. Nxf4 $11 {KN-K3P} Kc2 45. Ke2 Kb2 46. Ne6 Kxa2 47. Nc5 Ka3 48. Kd2 a4 49. bxa4 b3 50. Kc1 {Strongly threatening a5.} Kb4 51. Nxb3 $1 {Threatening mate with a5.} Kxa4 {Accuracy: White = 57%, Black = 71%.} 1/2-1/2

[Event "V Sunway Sitges Open 2018"]
[Site "Sitges"]
[Date "2018.12.20"]
[Round "7"]
[White "Praggnanandhaa, R."]
[Black "Vocaturo, Daniele"]
[Result "1/2-1/2"]
[WhiteElo "2530"]
[BlackElo "2629"]
[Annotator "TA"]
[PlyCount "64"]
[EventDate "2018.12.14"]
[EventType "swiss"]
[EventCountry "ESP"]
[SourceTitle "playchess.com"]
[Source "ChessBase"]
[SourceQuality "1"]

{[%evp 21,64,14,10,17,33,26,32,27,28,12,53,33,27,24,33,17,22,2,18,7,17,0,0,0,0,0,0,0,0,0,0,0,0,3,0,13,51,-1,52,0,45,-8,54,0,44]} 1. e4 e5 2. Nf3 Nf6 3. Nxe5 d6 4. Nf3 Nxe4 5. Nc3 Nxc3 6. dxc3 Be7 7. Be3 Nd7 8. Qd2 {C42: Petroff Defence: 3 Nxe5 and unusual White 3rd moves} O-O 9. O-O-O Nf6 $146 (9... c6 10. h4 d5 11. Kb1 Re8 12. Bd3 Bc5 13. Rde1 Bxe3 14. Rxe3 Rxe3 15. Qxe3 Nf6 {½-½ (28) Aronian,L (2780)-Caruana,F (2827) Batumi 2018}) 10. Bd3 c5 11. Rhe1 Be6 {LiveBook: 5 Games} 12. Kb1 Qa5 13. c4 Qxd2 14. Bxd2 h6 15. h3 d5 16. Ne5 Rfd8 17. cxd5 Bxd5 18. g4 Kf8 19. g5 hxg5 20. Bxg5 Rd6 21. Re2 Be6 {[#] Hoping for ...c4.} 22. Rde1 Nd5 23. h4 Bxg5 24. hxg5 Nf4 25. Re4 Nxd3 26. Nxd3 Rad8 27. Kc1 $36 {[%mdl 2048] White has good play.} b6 28. Rh4 g6 29. Reh1 (29. Ne5 $14) 29... Ke7 (29... Bxa2 $11 30. Ra4 Bd5 31. Rh8+ Ke7 32. Rxa7+ Ke6 33. Rxd8 Rxd8) 30. Re1 Kf8 31. Reh1 ({White should try} 31. Ne5 $14) 31... Ke7 (31... Bxa2 $11 32. Ra4 Bd5 33. Rh8+ Ke7 34. Rxa7+ Ke6 35. Nf4+ Kf5 36. Rxd8 Rxd8 37. Nxd5 Rxd5) 32. Re1 Kf8 {Accuracy: White = 37%, Black = 63%.} 1/2-1/2